| 000 | 00916nam a22002415i 4500 | ||
|---|---|---|---|
| 001 | 153446 | ||
| 003 | ES-MaACL | ||
| 005 | 20230906205228.0 | ||
| 008 | 960320s1720 it a |||| | lat d | ||
| 040 |
_aCYL _bspa _cCYL |
||
| 100 | 1 |
_aDesirant, Bernard _c(O.E.S.A.) _9222039 |
|
| 245 | 1 | 0 |
_aConsilium pietatis de non sequendis errantibus sed corrigentibus, juxta retractationes ... / _cper P.M.F. Bernardum Desirant Ord. Erem. S.P. Augustini ... ; tomus primus. |
| 260 |
_aRomae : _bJo. Mariam Salvioni ..., _c1720. |
||
| 300 |
_aXVI, 192 p. : _bil. ; _c4ยบ. |
||
| 597 | 1 | _aSign.: a-b\p\s4\s, A-Z\p\s4\s, 2A\p\s4\s. | |
| 597 | 1 | _aPort. a dos tintas con grab. calc. | |
| 597 | 1 | _aIl. y capitales calc. | |
| 599 | 1 | _aIl. calc.: "Ant. Friz Scul." en B1. | |
| 700 | 1 | 1 |
_aSalvioni, Giovanni Maria. _9132355 |
| 752 |
_aItalia - _dRoma |
||
| 852 |
_aES-MaACL _jR-3367(1) _z-- Enc. perg. |
||
| 999 |
_c153446 _d153446 |
||